000 00290nam a22001337a 4500
008 170921b xxu||||| |||| 00| 0 eng d
020 _a9780500201862
041 _aeng
080 _a7
100 _a45
101 _aART
245 _aCONCEPTS OF MODERN ART
_cSTANGOS, N
942 _2udc
_cBK
999 _c28612
_d28612